Análisis científico del caso de los refugiados salvadoreños

Enregistré dans:
Détails bibliographiques
Collectivité auteur: UNA. Instituto de Derechos del Hombre
Format: Texte
Publié: s.l :
Tags: Ajouter un tag
Pas de tags, Soyez le premier à ajouter un tag!

MARC

LEADER 00000 a a2200000 04500
001 15411
003
040 |a CRAI/IIS  |c CRAI/IIS 
090 |a EXTRAVIADO  
110 |a UNA. Instituto de Derechos del Hombre  
245 |a Análisis científico del caso de los refugiados salvadoreños  
260 |a s.l :  
300 |a 2 p.  
999 |c 6425  |d 6425